00638nam a2200217Ia 450000500170000000800410001702000150005808200190007310000170009224500520010926000540016130000160021565000140023165000160024565000180026165000120027965000130029194200060030495200950031099900150040520250324065041.0240331s9999 xx 000 0 und d a0520050568 a303bSHI24082 aShibutani, T 0aSocial Processes:bAn Introduction to Sociology aCalifornia,bUniversity of California Pressc1986 axv, 579 p., aSociology aEnvironment aCommunication aCulture aPolitics cL 001040708LaWERCLbWERCLcSSCd2024-03-31l0o 303 SHIp4082r2024-03-31w2024-03-31yL c1192d1192